Směry světové potravinářské vědy, techniky a ekonomiky : syntetická zpráva ; A. Hrudková ... [et. al.]. [1]

Další autoři: Hrudková, Alena
Jazyk: Čeština
Vydáno: Praha : Výzkumný ústav potravinářského průmyslu, 1983
Fyzický popis: 1 sv. (různé stránkování)
Knihy
Uloženo v:
LEADER 00773nam a22002052a 4500
001 000652377
003 CZ BrMZK
005 20030319102516.0
008 030207s1983 xr f cze d
040 |a BOA001  |b cze  |c BOA001 
080 |a 664.001  |2 MRF 
080 |a 664.003  |2 MRF 
245 0 0 |a Směry světové potravinářské vědy, techniky a ekonomiky :  |b syntetická zpráva ; A. Hrudková ... [et. al.].  |n [1] 
260 |a Praha :  |b Výzkumný ústav potravinářského průmyslu,  |c 1983 
300 |a 1 sv. (různé stránkování) 
504 |a Bibliografie na s. 139-156 
700 1 |a Hrudková, Alena  |7 mzk2009533571  |4 aut 
910 |a BOA001  |b TK-A-0216.423,1 
990 |a BK 
996 6 |b BC-77148  |c TK-A-0216.423,1  |l MZK  |r Sklad / do 24 hodin  |n 0  |w 000652377  |u 000010  |a 1  |e BOA001  |j MZK50  |s P